[Event "Bkami-Lburn"]
[Site "?"]
[Date "1999.01.19"]
[Round "?"]
[White "Zoellner, J"]
[Black "Bannon, B"]
[Result "1-0"]
[WhiteElo "1450"]
[BlackElo "1161"]
[PlyCount "94"]
[EventDate "1999.??.??"]

1. e4 e5 2. Nf3 Nc6 3. Bc4 Bc5 4. c3 Nf6 5. d3 d5 6. exd5 Nxd5 7. h3 Be6 8. Bb5
Qe7 9. O-O O-O 10. Re1 Qd6 11. Ba4 Nf4 12. Bxf4 exf4 13. d4 Bb6 14. Bc2 Ne7 15.
Nbd2 Rad8 16. Ne4 Qd7 17. Qd3 Bf5 18. Nh4 c5 19. Nxf5 Qxf5 20. Nxc5 Bxc5 21.
Qxf5 Nxf5 22. Bxf5 Bb6 23. Rad1 h5 24. Be4 Rd6 25. Bxb7 Rg6 26. Bf3 Rg5 27. d5
Rf5 28. c4 g5 29. Bxh5 Kg7 30. b4 Rh8 31. Bg4 Rf6 32. c5 Bc7 33. d6 Bb8 34. d7
Bc7 35. Re8 Bd8 36. Rxh8 Kxh8 37. Re1 Rg6 38. Bh5 Re6 39. Rxe6 fxe6 40. Bg4 e5
41. Kf1 Kg8 42. Ke2 e4 43. c6 Kf8 44. Bf5 Ke7 45. Bxe4 Kd6 46. b5 Kc5 47. a4
Kb4 1-0

[Event "Kemper-Northrup"]
[Site "?"]
[Date "1999.01.28"]
[Round "?"]
[White "Siwek, M"]
[Black "Minin, S"]
[Result "0-1"]
[WhiteElo "2039"]
[BlackElo "2109"]
[PlyCount "87"]
[EventDate "1999.??.??"]

1. e4 g6 2. d4 Bg7 3. Nc3 c6 4. Nf3 d5 5. e5 Bg4 6. Be2 e6 7. O-O { } 7... Nd7
8. Be3 Nh6 9. Qd2 9... Nf5 { } 10. h3 (10. b4 {
would discourage 0-0-0 and the standard c5 pawn break}) 10... Bxf3 11. Bxf3
11... Nxe3 { the opposite B middlegame favors Black because the d4/e5 pawns
are the natural targets (with f6 or c5) and White is missing the Bishop of
their color.} 12. fxe3 $1 {an interesting attempt to gain open lines} 12... Qe7
13. e4 13... h5 {
assuring Bf3 doesn't gain Bg4 (especially after f6) and preparing an attack}
14. a3 (14. b4 {is still possible Qxb4  Rab1 wins b-pawn}) 14... g5 15. Qf2
O-O-O 16. exd5 16... exd5 { } 17. g4 f6 18. Rae1 fxe5 19. dxe5 19... Nxe5 {
Black has won a pawn. Note that the pinned N can't be exploited due to
Black's dark-square dominance.} 20. Bd1 d4 21. Ne4 Rhf8 22. Qg2 22... h4 {
another interesting decision. Black decides he has enough open lines and
takes some away from White.} 23. Rxf8 Rxf8 24. Qd2 24... Rf4 { } 25. Qa5 {
of course Qxd4??  Nf3+ & BxQ} 25... Nc4 (25... b6) 26. Qxg5 Qe5 27. Qxe5 27...
Bxe5 { White seems to be fighting back, the g-passer and opposite Bs are
hopeful. Black's pieces are more active, however.} 28. Nf2 Rf8 29. Nd3 Bg3 30.
Re4 { } 30... Ne3 {threat of Rf1 mate} (30... Nd2 {
is stronger as Black threatens NxR and Rf1+ winning B}) 31. Be2 Nxc2 32. g5 { }
32... Rg8 33. Bg4+ Kc7 34. Nc5 Kb6 35. Ne6 35... c5 { } 36. Bh5 d3 37. g6 Kc6
38. g7 { White has advanced the passer, but Black's threatens.} 38... Kd5 39.
Bf3 39... Kd6 { } 40. Ng5 {time pressure ?} 40... Rxg7 41. Re6+ Kd7 42. Bg4 { }
42... Rxg5 $1 43. Rg6+ Rxg4 44. hxg4 { Black is materially up and d-pawn can't
be stopped.  If Rf6 d2,  Rf1 Ne1  and Pawn queens.} 0-1

[Event "Northrup-Kemper"]
[Site "?"]
[Date "1999.01.28"]
[Round "?"]
[White "Walker, A"]
[Black "Walker, C"]
[Result "0-1"]
[WhiteElo "1693"]
[BlackElo "1711"]
[PlyCount "70"]
[EventDate "1999.??.??"]

1. Nf3 g6 2. e4 Bg7 3. d4 d6 4. c3 h6 5. h4 Bg4 6. Qb3 Nd7 7. Nh2 Be6 8. Qxb7
Nb6 9. Bb5+ Bd7 10. Bxd7+ Qxd7 11. Be3 Nf6 12. Nd2 O-O 13. f3 { } 13... e6 ({
Not immediately} 13... a6 {threat: Rfb8 traps Q} 14. d5) 14. b3 { } 14... Rfc8
$2 (14... a6 15. d5 15... Nbxd5 $1 (15... exd5 $2 16. Bxb6 (16. exd5 Nbxd5)
16... Rfb8 17. Qxc7) 16. exd5 16... Nxd5 { ready for Rfb8 now} 17. Ba7 $1 17...
Bxc3 18. Rc1 { } 18... Qb5 (18... Bd4 $2 19. Bxd4 Rfb8 20. Qc6) 19. Qxb5 Bxd2+
20. Kxd2 20... axb5 { } 21. Bf2 Rxa2+ 22. Rc2 22... Rfa8 {
Black's center passers are worth the piece}) 15. Kf2 Rab8 16. Qa6 c5 17. Qd3
cxd4 18. cxd4 Rc7 19. Rhc1 Rbc8 20. Ndf1 Qe7 21. g3 Nfd7 22. Rxc7 Rxc7 23. Rc1
Nb8 24. f4 Nc6 25. Nf3 Nb4 26. Qb1 f5 27. a3 Nc6 28. e5 Nd5 29. Bd2 dxe5 30.
dxe5 Qxa3 31. Nd4 Nxd4 32. Rxc7 Nxc7 33. Qd3 Ncb5 34. Be3 Qxb3 35. Bxd4 Qxd3
0-1

[Event "Northrup-Kemper"]
[Site "?"]
[Date "1999.01.28"]
[Round "?"]
[White "Fong, R"]
[Black "Olsen, A"]
[Result "1-0"]
[WhiteElo "1371"]
[BlackElo "1522"]
[PlyCount "101"]
[EventDate "1999.??.??"]

1. d4 e5 2. dxe5 Nc6 3. Nf3 h6 4. Nc3 Nge7 5. e4 g6 6. Bc4 Bg7 7. Bf4 g5 8. Bg3
g4 9. Nh4 h5 10. f4 Na5 11. Bd3 Nac6 12. Qd2 Ng6 13. Nxg6 fxg6 14. O-O-O Nxe5
15. fxe5 Bh6 16. Bf4 g5 17. Be3 Qe7 18. Bd4 c6 19. Rhf1 b5 20. Kb1 Bb7 21. e6
Rf8 22. exd7+ Qxd7 23. Rxf8+ Bxf8 24. Bf6 Qe6 25. Qxg5 Be7 26. Bxe7 Qxe7 27.
Qxh5+ Kd7 28. Qxg4+ Kc7 29. Qf4+ Kb6 30. g4 a5 31. h3 a4 32. Qe3+ Kc7 33. e5 b4
34. Ne2 c5 35. e6 Rd8 36. Rf1 Kb6 37. Rf7 Qh4 38. Qg3 Qxg3 39. Nxg3 c4 40. Be2
Ka7 41. Kc1 c3 42. bxc3 bxc3 43. Bf3 a3 44. Rxb7+ Ka8 45. Rd7+ Kb8 46. Rxd8+
Kc7 47. e7 Kb6 48. e8=Q Ka5 49. Ra8+ Kb4 50. Qe4+ Kc5 51. Qd5+ 1-0

[Event "Kemper-Northrup"]
[Site "?"]
[Date "1999.01.28"]
[Round "?"]
[White "McKinney, T"]
[Black "Elek, G"]
[Result "1-0"]
[WhiteElo "1307"]
[BlackElo "1096"]
[PlyCount "83"]
[EventDate "1999.??.??"]

1. e4 e5 2. Nf3 Nc6 3. Nc3 Bc5 4. d3 d6 5. Bg5 Nge7 6. Nd5 O-O 7. Be2 Bg4 8.
O-O Qd7 9. h3 Be6 10. Bxe7 Nxe7 11. b4 Bxd5 12. bxc5 Be6 13. cxd6 cxd6 14. Ng5
Ng6 15. Nxe6 Qxe6 16. Bg4 Qe8 17. Rc1 b6 18. d4 Qa4 19. c3 Qxa2 20. dxe5 dxe5
21. Ra1 Qc4 22. Qc2 Rfd8 23. Ra4 Qc5 24. g3 a5 25. Raa1 b5 26. Rad1 b4 27.
Rxd8+ Rxd8 28. c4 Rd4 29. Be2 Ne7 30. Qa4 Rd8 31. Rd1 Rxd1+ 32. Qxd1 Qc7 33.
Qa4 Qd8 34. c5 h6 35. Qa1 f6 36. Bc4+ Kf8 37. Be6 Qc7 38. Qd1 Nc6 39. Qd5 a4
40. Qc4 Ke7 41. Bd5 Qa5 42. Bxc6 1-0

[Event "Exemplars-Motorola"]
[Site "?"]
[Date "1999.02.04"]
[Round "?"]
[White "Benesa, A"]
[Black "Wolf, D"]
[Result "1-0"]
[WhiteElo "2245"]
[BlackElo "2341"]
[PlyCount "76"]
[EventDate "1999.??.??"]

1. Nf3 d6 2. d4 Bg4 3. Nbd2 Nd7 4. g3 Ngf6 5. Bg2 e5 6. dxe5 dxe5 7. Ng5 Bc5 8.
O-O O-O 9. Bxb7 Rb8 10. Bg2 Qe7 11. Nge4 Bb6 12. Nc4 Rfd8 13. Nxb6 Nxb6 14.
Nxf6+ Qxf6 15. Qe1 Nd5 16. h3 Bh5 17. a3 Qa6 18. g4 Bg6 19. e4 Nf4 20. Bxf4
exf4 21. Qc3 h5 22. Rad1 hxg4 23. hxg4 Qb6 24. b3 Re8 25. Rd4 Qe6 26. Bf3 Re7
27. Rfd1 Rbe8 28. Rc4 c5 29. Qa5 Qb6 30. Qxc5 Qxc5 31. Rxc5 Bxe4 32. Bxe4 Rxe4
33. Ra5 R8e7 34. Rd2 f6 35. Rad5 g5 36. Rd8+ Kf7 37. R8d7 Kg6 38. Rxe7 38...
Rxe7 {and White won} 1-0

[Event "Motorola-Exemplars"]
[Site "?"]
[Date "1999.02.04"]
[Round "?"]
[White "Hasan, Y"]
[Black "Inumerable, F"]
[Result "0-1"]
[WhiteElo "2177"]
[BlackElo "2283"]
[PlyCount "73"]
[EventDate "1999.??.??"]

{I love this game-Black comes out punching!!} 1. e4 1... g6 2. d4 Bg7 3. Nf3
3... c5 { } 4. dxc5 Qa5+ 5. Bd2 Qxc5 6. Bc3 { seems to pressure Bg7} 6... Nf6
7. Nbd2 7... Ng4 $1 { Suddenly, White's in trouble!  Bc3 doesn't have enough
protection and Qf2 mate is threatened!} 8. Qe2 Bxc3 9. bxc3 9... Qxc3 { } 10.
Rb1 Nc6 11. Rb3 Qxc2 12. Qb5 { probably to finish Kside development, but...}
12... Qc1+ 13. Ke2 13... Nge5 $1 { } 14. Ke3 {14. Nxe5??  allows Nd4+ winning Q
} 14... Nxf3 15. gxf3 b6 16. Bg2 {
hits Q, but Black is 2 Ps up and forces Qs off} 16... Qc5+ 17. Qxc5 bxc5 18.
Rc1 d6 19. f4 19... Rb8 { } 20. e5 Rxb3+ 21. axb3 Nb4 22. Ne4 {
trying to win a P with ed} 22... Bf5 $1 {to trade N away before it do damage}
23. exd6 Bxe4 24. Rxc5 { threat: Rc8+ to win Rh8} 24... Bf5 {
calm defense and Black's a full piece up} 25. Rb5 { forking N & Rb8+} 25...
Nc2+ 26. Kd2 Kd7 27. dxe7 27... Rc8 { } 28. Rb7+ Ke8 29. Rxa7 Nd4 30. b4 Nb5
31. Rb7 31... Bd7 { } 32. Bd5 Nd6 33. Ra7 Kxe7 34. Ke3 f5 35. Ra6 Rb8 36. Ra7
Kd8 37. Ra8 { White flagged} 0-1

[Event "Exemplars-Motorola"]
[Site "?"]
[Date "1999.02.02"]
[Round "?"]
[White "Weber, L"]
[Black "Melnikov, I"]
[Result "1-0"]
[WhiteElo "2146"]
[BlackElo "2060"]
[PlyCount "77"]
[EventDate "1999.??.??"]

1. d4 Nf6 2. c4 e6 3. Nf3 d5 4. Nc3 Be7 5. Bf4 c6 6. e3 Nbd7 7. Bd3 Nh5 8. Bg3
Nxg3 9. hxg3 h6 10. Rc1 dxc4 11. Bxc4 b5 12. Bd3 b4 13. Ne4 Qa5 14. O-O Qxa2
15. Qe2 Qd5 16. Ned2 Bb7 17. Be4 Qd6 18. Nc4 Qc7 19. Nce5 Rc8 20. Nxc6 f5 21.
Nxe7 Qxc1 22. Nxc8 Qxc8 23. Bxb7 Qxb7 24. Qc4 Ke7 25. Rc1 Rb8 26. Qc7 Kf6 27.
Qd6 Qd5 28. Qxd5 exd5 29. Rc7 Ke6 30. Rxa7 g5 31. Ra4 b3 32. Ra3 Rb4 33. Nd2
Nb6 34. Rxb3 Rxb3 35. Nxb3 Kd6 36. Nc5 Nc4 37. b3 Nd2 38. f3 Kc6 39. Kf2 1-0

[Event "Motorola-Exemplars"]
[Site "?"]
[Date "1999.02.02"]
[Round "?"]
[White "Wallach, K"]
[Black "Gazmen, B"]
[Result "0-1"]
[WhiteElo "2055"]
[BlackElo "2089"]
[PlyCount "102"]
[EventDate "1999.??.??"]

1. e4 c5 2. Nf3 Nc6 3. d4 cxd4 4. Nxd4 Nf6 5. Nc3 e5 6. Ndb5 d6 7. Bg5 a6 8.
Na3 b5 9. Nd5 Be7 10. Bxf6 Bxf6 11. Bd3 Bg5 12. c3 O-O 13. O-O g6 14. Nc2 Rb8
15. Ncb4 Nxb4 16. Nxb4 Bb7 17. a4 a5 18. Nc2 bxa4 19. Rxa4 Qb6 20. b4 axb4 21.
Nxb4 Rfc8 22. Qa1 Bd2 23. Na2 Qc6 24. Rc4 Qd7 25. Rd1 Bg5 26. Rxc8+ Qxc8 27.
Nb4 Qc5 28. Qb2 Rc8 29. Na2 Qa7 30. Rb1 Bc6 31. Nb4 Ba8 32. Kf1 Bd8 33. Ra1 Qb8
34. Qd2 Bb6 35. Ra2 Bb7 36. Ba6 Bxa6+ 37. Rxa6 Bc5 38. Nd5 Qb1+ 39. Qe1 Rb8 40.
Ra1 Qd3+ 41. Kg1 Rb2 42. Nf6+ Kg7 43. Ng4 Rc2 44. Rd1 Qc4 45. Ne3 Bxe3 46. Qxe3
Rxc3 47. Qd2 Rc2 48. Qe3 Re2 49. Qa3 Qxe4 50. f3 Re1+ 51. Kf2 Qe2+ 0-1

[Event "Exemplars-Motorola"]
[Site "?"]
[Date "1999.02.04"]
[Round "?"]
[White "Sollano, E"]
[Black "Samelson, C"]
[Result "1-0"]
[WhiteElo "1919"]
[BlackElo "1930"]
[PlyCount "49"]
[EventDate "1999.??.??"]

1. Nf3 e6 2. g3 d5 3. Bg2 Nf6 4. O-O c5 5. d3 Nc6 6. Nbd2 Bd6 7. e4 O-O 8. Re1
Qc7 9. Qe2 Nd7 10. c3 f6 11. exd5 exd5 12. Qe6+ Kh8 13. Qxd5 Nb6 14. Qh5 Bd7
15. Ne4 Be8 16. Qh3 Bg6 17. Nh4 Kg8 18. Qe6+ Bf7 19. Qxd6 Qxd6 20. Nxd6 Rad8
21. Nxf7 Rxf7 22. Be3 Rxd3 23. Bxc5 Rfd7 24. Re8+ Kf7 25. Rf8+ 1-0

[Event "Motorola-Exemplars"]
[Site "?"]
[Date "1999.02.04"]
[Round "?"]
[White "Horton, D"]
[Black "Friske, T"]
[Result "0-1"]
[WhiteElo "1853"]
[BlackElo "1974"]
[PlyCount "82"]
[EventDate "1999.??.??"]

1. e4 Nf6 2. e5 Nd5 3. c4 Nb6 4. d4 d6 5. f4 dxe5 6. fxe5 Bf5 7. Nc3 e6 8. Nf3
Nc6 9. Be3 Bb4 10. a3 Be7 11. d5 Na5 12. Bxb6 axb6 13. b4 exd5 14. cxd5 O-O 15.
bxa5 Rxa5 16. Nd4 Bg6 17. Bd3 Bxa3 18. O-O Bc5 19. Bxg6 19... Rxa1 $1 20. Bxf7+
Rxf7 21. Qxa1 Bxd4+ 22. Kh1 Rxf1+ 23. Qxf1 Bxc3 24. Qc4 Bxe5 25. g3 Qd6 26. Qe4
Kf7 27. Kg2 Ke7 28. Qh4+ Bf6 29. Qe4+ Qe5 30. Qb4+ Kd7 31. Qa4+ Kd6 32. Qb4+
Kxd5 33. Qb5+ Kd6 34. Qb4+ Qc5 35. Qf4+ Kc6 36. Qa4+ b5 37. Qg4 Qd5+ 38. Kf1
Qc4+ 39. Qe2 Qxe2+ 40. Kxe2 Kd5 41. Kd3 41... c5 {
and Black mated after creating Q} 0-1

[Event "Excalibers-UOP"]
[Site "?"]
[Date "1999.02.02"]
[Round "?"]
[White "Suerth, F"]
[Black "Sacks, D"]
[Result "1/2-1/2"]
[WhiteElo "1599"]
[BlackElo "1835"]
[PlyCount "54"]
[EventDate "1999.??.??"]

1. e4 c5 2. c4 d6 3. d3 g6 4. Bd2 Bg7 5. Bc3 Nf6 6. Nf3 Nc6 7. Nbd2 Bd7 8. g3
O-O 9. Bg2 a6 10. O-O Rb8 11. Re1 b5 12. b3 b4 13. Bb2 e5 14. Nf1 a5 15. Ne3
Qc8 16. Nd5 Nxd5 17. exd5 Nd4 18. Nxd4 exd4 19. Qf3 Bg4 20. Qf4 Be5 21. Qh6 Qf5
22. Be4 Qh5 23. Bc1 f5 24. Qxh5 Bxh5 25. Bg2 Rbe8 26. Bh6 Bg7 27. Bf4 Be5
1/2-1/2

[Event "UOP-Excalibers"]
[Site "?"]
[Date "1999.02.02"]
[Round "?"]
[White "Boldingh, E"]
[Black "Burian, D"]
[Result "*"]
[WhiteElo "1872"]
[BlackElo "1598"]
[PlyCount "81"]
[EventDate "1999.??.??"]

1. e4 c5 2. Nf3 Nc6 3. d4 cxd4 4. c3 dxc3 5. Nxc3 d6 6. Bc4 Na5 7. Be2 g6 8.
Bf4 Bg7 9. Rc1 Nf6 10. O-O O-O 11. h3 Bd7 12. Qd2 Rc8 13. b3 Be6 14. Nd4 Nc6
15. Nxe6 fxe6 16. Bc4 Qd7 17. Bh6 a6 18. Rfd1 Rf7 19. Bxg7 Kxg7 20. f4 Rff8 21.
e5 Nh5 22. Ne2 b5 23. g4 Nxf4 24. Nxf4 bxc4 25. Rxc4 Nxe5 26. Qd4 Rf6 27. Qxe5
dxe5 28. Rxd7 Rxc4 29. bxc4 Rxf4 30. c5 Kf7 31. Rd8 Rc4 32. Rc8 Rc1+ 33. Kf2
Rc2+ 34. Ke3 Rxa2 35. Kd3 Kf6 36. c6 e4+ 37. Kxe4 Rc2 38. c7 Kf7 39. Kd4 a5 40.
Ra8 Rxc7 41. Rxa5 {and something happened to cause a protest.} *

[Event "Exxcaliburs-UOP"]
[Site "?"]
[Date "1999.02.02"]
[Round "?"]
[White "Brotsos, J"]
[Black "Sajbel, P"]
[Result "0-1"]
[WhiteElo "1568"]
[BlackElo "1820"]
[PlyCount "66"]
[EventDate "1999.??.??"]

1. e4 e6 2. d4 d5 3. Nd2 Nf6 4. Bd3 c5 5. c3 Nc6 6. Ngf3 Qb6 7. dxc5 Bxc5 8.
O-O 8... O-O { } 9. Qc2 h6 10. Nb3 Bd6 11. Be3 11... Qc7 { } 12. h3 b6 13. Nbd4
Bb7 14. Rfe1 { the Prez spots a nice combo that not only wins an exchange, but
trades off a lot of wood (well, plastic probably).} 14... dxe4 15. Bxe4 { }
15... Nxd4 $1 16. Bxd4 Bxe4 17. Rxe4 Nxe4 18. Qxe4 {
the extra R will soon make itself known} 18... Rad8 19. Re1 Rfe8 20. Qg4 { }
20... f5 (20... e5) 21. Qg6 Qf7 22. Qxf7+ 22... Kxf7 { } 23. Ne5+ Bxe5 24. Rxe5
Rd5 25. f4 Rxe5 26. fxe5 { White seems to have kept lines closed, but Black
spots his other advantage--the 3 on 2 Kside Ps} 26... g5 $1 27. Kf2 Kg6 28. g4
h5 29. gxf5+ 29... Kxf5 { } 30. Kf3 Rg8 31. b4 g4+ 32. hxg4+ 32... Rxg4 { } 33.
a4 h4 0-1

[Event "UOP"]
[Site "?"]
[Date "1999.02.02"]
[Round "?"]
[White "Micklich, F"]
[Black "Schoonover, M"]
[Result "1-0"]
[WhiteElo "1625"]
[BlackElo "1340"]
[PlyCount "33"]
[EventDate "1999.??.??"]

1. e4 Nc6 2. Bc4 Nf6 3. d3 e5 4. Nc3 Bb4 5. Bg5 Bxc3+ 6. bxc3 d6 7. Ne2 O-O 8.
O-O Nb8 9. f4 Nbd7 10. fxe5 dxe5 11. d4 c6 12. Ng3 Qc7 13. Nh5 Nxe4 14. Be7 Re8
15. Bxf7+ Kh8 16. Bxe8 Nxc3 17. Qf3 1-0

[Event "UOP"]
[Site "?"]
[Date "1999.02.02"]
[Round "?"]
[White "Plett, M"]
[Black "Van Zile, Charlie"]
[Result "1-0"]
[WhiteElo "1789"]
[BlackElo "1319"]
[PlyCount "59"]
[EventDate "1999.??.??"]

1. d4 Nf6 2. Nf3 d5 3. c4 e6 4. g3 Be7 5. Bg2 O-O 6. O-O Bd7 7. Qc2 Na6 8. a3
Rc8 9. Nbd2 c5 10. cxd5 exd5 11. dxc5 Nxc5 12. Qd1 b6 13. b4 Ba4 14. Qe1 Ne6
15. Bb2 a5 16. bxa5 bxa5 17. Ne5 Qb6 18. Ra2 Rc2 19. Nd3 Bb3 20. Nxb3 Qxb3 21.
Nc1 Qb6 (21... Rxc1 $1) 22. Bxf6 Bxf6 23. Rxc2 Nc5 24. Ra2 Rd8 25. Qd2 h6 26.
e3 Ne6 27. Ne2 g5 28. Qc2 Qb8 29. Qf5 Bg7 30. Bxd5 1-0

[Event "Chargers-CCDOC"]
[Site "?"]
[Date "1999.02.03"]
[Round "?"]
[White "Marcowka, R"]
[Black "Alexander, W"]
[Result "1-0"]
[WhiteElo "2003"]
[BlackElo "1703"]
[PlyCount "45"]
[EventDate "1999.??.??"]

1. e4 c5 2. Nf3 d6 3. c3 Nf6 4. Be2 Nxe4 5. Qa4+ Nc6 6. Qxe4 e6 7. O-O Be7 8.
Na3 O-O 9. Bd3 g6 10. Bc2 a6 11. d4 cxd4 12. Nxd4 Qc7 13. Bh6 Re8 14. Rad1 e5
15. Nxc6 bxc6 16. Ba4 Bb7 17. Qc4 Red8 18. Qe2 Rab8 19. Nc4 Ba8 20. f4 Bf6 21.
fxe5 Bxe5 22. Nxe5 dxe5 23. Bb3 1-0

[Event "CCDOC-Chargers"]
[Site "?"]
[Date "1999.02.03"]
[Round "?"]
[White "Hall, A"]
[Black "Stamm, V"]
[Result "1-0"]
[WhiteElo "1525"]
[BlackElo "1607"]
[PlyCount "141"]
[EventDate "1999.??.??"]

1. f4 b6 2. d4 Bb7 3. e3 e6 4. Nf3 Nf6 5. a3 Be7 6. Bd3 Ne4 7. O-O 7... O-O { }
8. c4 d5 9. Qc2 Nd7 10. Nc3 10... f5 { } 11. b4 Ndf6 12. Bxe4 Nxe4 13. Nxe4
13... fxe4 { } 14. Ng5 {after exchanges on g5, White has cd then Qxc7} 14...
Bxg5 15. fxg5 Rxf1+ 16. Kxf1 Qxg5 17. cxd5 { } 17... Ba6+ {
consolidating by setting mate threats} 18. Kg1 18... Qf5 $1 {threat: Qf1 mate}
19. Bd2 { } 19... Rf8 {now its Qf1+  Rf1 Rf1 mate} 20. h3 Qf2+ 21. Kh2 { }
21... Bd3 (21... Bf1 {threat: Qg2 mate} 22. Qxe4) 22. Qc3 exd5 (22... Bf1 {
wins exchange due to threat of Qg2 mate} 23. Rxf1 23... Qxf1 { } 24. Qxc7 (24.
dxe6 $4 24... Rf2) 24... exd5 (24... Rf2 $2 { } 25. Qd8+ Rf8 (25... Kf7 26.
Qd7+ (26. dxe6+ Kg6) 26... Kg6 27. Qxe6+) 26. Qd7 exd5 27. Qxd5+ Kh8 28. Qxe4)
25. Qd6 (25. Qxa7 $2 25... Qe2 {wins the B}) 25... Qf7) 23. a4 { } 23... Rf3 $2
24. Rg1 $2 {MATE in 5, so White has to bail out with 24 Be1} (24. Be1 {
wins the R, but} 24... Qxe3 25. gxf3 { } 25... Qe2+ (25... exf3 26. Ra2) 26.
Kg1 26... Qf1+ {and Black has perpetual} (26... Qe3+ 27. Bf2)) 24... Qg3+ 25.
Kh1 { } 25... Rf1 $4 (25... Bf1 26. Qc1 {or anything} (26. Rxf1 Rxf1#) 26...
Qxh3+ 27. gxh3 Rxh3#) 26. Qc6 Rf8 27. Qxd5+ 27... Kh8 { Materially even, but
Black has an edge due to White's bad B and Black pressure to the King. If
allowed, 28- Bf1 mates to 29-Bg2+ 30 Rg2 Rf1+ 31 Rg1 Rg1#} 28. Qe5 Qf2 29. Bc1
{ } 29... h6 {to free the R from bankrank defense duties} (29... Qf7) 30. Qxc7
Bf1 31. Qe5 Qe1 32. Qc7 { } 32... Rf2 33. Kh2 {
breaking pin so if Bg2+ Rg2 is possible} 33... Qe2 34. Qc8+ Kh7 35. Qg4 { }
35... Qc2 36. Ba3 Bd3 (36... Be2 37. Qg3 (37. Qd7 $4 37... Bf3) 37... Bf3 38.
Kh1) (36... Rf6 37. b5 Rg6 38. Qf5 { } 38... Qc7+ (38... Bd3 39. h4) (38...
Bxg2 $4 39. Qxg6+ Kxg6 40. Rxg2+) 39. Kh1 Bd3 40. h4 Qd8 41. g3) 37. d5 Qxa4
38. Bc1 38... Qxb4 { Black has emerged a Pawn up and can just push passers.}
39. Qe6 39... Qc4 $2 (39... a5 40. d6 Rf6 41. d7 Rxe6 42. d8=Q {
and Black still wins}) 40. Qe5 Qc5 41. Bb2 Rf7 42. Bd4 {
White has solved his B problem} 42... Qe7 43. Qg3 b5 44. d6 Qd7 45. Rc1 45...
Bc4 { } 46. Qe5 Qf5 47. Ra1 Qxe5+ 48. Bxe5 {
Black still has an edge but may have problems due to opposite Bs} 48... Rd7 {
the Pawns not going anywhere. Kg6 gets him in the game.} 49. Bd4 49... Rxd6 $2
50. Bxa7 {the connected passers were Black's hope-probably is a draw now} 50...
Kg6 51. Bd4 { } 51... Kf5 $2 {Rd7 was mandatory} 52. g4+ (52. Bxg7) 52... Kg6
53. Ra7 Rxd4 54. exd4 { the Black Pawns are easily stopped} 54... e3 (54... b4
55. Rb7 b3 56. Kg3) 55. Kg2 e2 56. Kf2 Kf6 57. h4 { } 57... g5 $2 58. Ra6+ Kg7
59. h5 59... Kh7 { } 60. Rb6 (60. Ra7+ Kg8 61. Re7 b4 62. Rxe2 Bxe2 63. Kxe2 {
is easy} 63... b3 64. Kd3 Kf7 65. Kc3) 60... Kg7 61. Rd6 Kh7 62. d5 Kg7 63.
Rd7+ Kf6 64. d6 Ke6 65. Rh7 { } 65... Kxd6 66. Rxh6+ Ke5 67. Rb6 Kf4 68. h6
68... Bd3 { } 69. Rxb5 Kxg4 70. Rb7 Kf4 71. h7 {An exciting ride!!} 1-0

[Event "Chargers-CCDOC"]
[Site "?"]
[Date "1999.02.03"]
[Round "?"]
[White "Thomas, J"]
[Black "Jackson, S"]
[Result "1-0"]
[WhiteElo "1555"]
[BlackElo "1367"]
[PlyCount "120"]
[EventDate "1999.??.??"]

1. e4 c5 2. Nf3 Nc6 3. d4 e6 4. Nc3 cxd4 5. Nxd4 Ne5 6. Bf4 Ng6 7. Bg3 Bb4 8.
Qd3 e5 9. Nf3 Qa5 10. a3 Nf4 11. Bxf4 Bxc3+ 12. Qxc3 Qxc3+ 13. bxc3 exf4 14.
Bc4 Nh6 15. O-O O-O 16. Bd5 d6 17. Rab1 Rb8 18. Rb2 b6 19. a4 Ng4 20. a5 Ba6
21. Rfb1 b5 22. c4 Nf6 23. cxb5 Nxd5 24. exd5 Bb7 25. c4 Rfc8 26. Rb4 Rc7 27.
Nd2 g5 28. Ne4 Rd8 29. Nxg5 Rdc8 30. Ne4 Rxc4 31. Rxc4 Rxc4 32. Nxd6 Rc7 33.
Nxb7 Rxb7 34. f3 Kg7 35. b6 axb6 36. Rxb6 Ra7 37. a6 Kf8 38. Kf2 Ke8 39. Ke2
Kd8 40. Kd3 Kc7 41. Rc6+ Kd7 42. Kd4 Ra8 43. Kc5 Ke7 44. Rc7+ Kf6 45. a7 h5 46.
Kb6 Ke5 47. Kb7 Rxa7+ 48. Kxa7 Kxd5 49. Rxf7 Ke5 50. h4 Ke6 51. Rxf4 Ke5 52. g3
Ke6 53. Kb6 Ke5 54. Kc5 Ke6 55. Kd4 Ke7 56. Ke5 Kd7 57. Rf6 Ke7 58. f4 Kd7 59.
Re6 Kd8 60. Kd6 Kc8 1-0

[Event "Chargers-CCDOC"]
[Site "?"]
[Date "1999.02.03"]
[Round "?"]
[White "Brady, R"]
[Black "Appleberry, T"]
[Result "1/2-1/2"]
[WhiteElo "1344"]
[BlackElo "1303"]
[PlyCount "135"]
[EventDate "1999.??.??"]

1. d4 d5 2. c4 dxc4 3. Nc3 e6 4. e4 Be7 5. Bxc4 Nf6 6. Nf3 h6 7. O-O O-O 8. Ne5
Nbd7 9. f4 Nxe5 10. fxe5 Nd7 11. Qg4 Bg5 12. Rf3 Nb6 13. Bb3 Qxd4+ 14. Kh1 Qxe5
15. Bxg5 Qxg5 16. Qxg5 hxg5 17. e5 a6 18. Rg3 Nd7 19. Re1 f6 20. Bxe6+ Kh7 21.
Bf5+ g6 22. exf6 gxf5 23. Rxg5 Rxf6 24. Re7+ Kh6 25. Rgg7 Nf8 26. h3 c6 27. Rg8
Ng6 28. Ree8 Be6 29. Rxa8 Bxg8 30. Rxg8 Kh5 31. Kh2 Re6 32. Rg7 Ne7 33. Kg3 b5
34. Kf4 b4 35. Nd1 Re4+ 36. Kf3 Kh6 37. Nf2 Kxg7 38. Nxe4 fxe4+ 39. Kxe4 a5 40.
Kd4 Kf6 41. Kc4 Ke6 42. Kb3 Nd5 43. Ka4 c5 44. Kxa5 c4 45. Ka4 Ke5 46. g4 c3
47. Kb3 cxb2 48. Kxb2 Kf4 49. Kb3 Kg5 50. Kc4 Nc3 51. Kb3 Nd5 52. Kc4 Nc3 53.
Kb3 Kh4 54. a4 Kxh3 55. g5 Nd5 56. g6 Ne7 57. g7 Kg4 58. Kxb4 Kf5 59. Kb5 Kf6
60. g8=Q Nxg8 61. a5 Ne7 62. a6 Nc8 63. Kc6 Ke7 64. Kb7 Nd6+ 65. Kc7 Ke6 66. a7
Nb5+ 67. Kb7 Nxa7 68. Kxa7 1/2-1/2